ბათუმის შოთა რუსთაველის სახელმწიფო უნივერსიტეტის ბიბლიოთეკა

ხორბლის ღეროს ჟანგას გენეტიკური და მოლეკულური პოლიმორფიზმი და დაავადებისადმი გამძლე გენოტიპების გამორჩევა / (ბიბ.ჩანაწერი № 53507)

000 -ლიდერი
ფიქსირებული სიგრძის საკონტროლო ველი 01451nam a2200229Ia 4500
001 - საკონტროლო ნომერი
საკონტროლო ველი 20553
003 - საკონტროლო ნომრის იდენტიფიკატორი
საკონტროლო ველი GE_BSU
005 - ბოლო ოპერაციის თარიღი და დრო
საკონტროლო ველი 20210329170646.0
008 - ფიქსირებული სიგრძის მონაცემთა ელემენტები - ზოგადი ინფორმაცია
ფიქსირებული სიგრძის საკონტროლო ველი 181216s2017||||ge |||||||||||||| ||geo||
040 ## - კატალოგიზაციის წყარო
Transcribing agency GE_BSU
041 ## - ენის კოდი
Language code of text/sound track or separate title geo
080 ## - უნივერსალური ათობითი კლასიფიკაციის ინდექსი
Universal Decimal Classification number 63 დ-90
100 ## - მთავარი ჩანაწერი - პიროვნების სახელი
Personal name დუმბაძე, რუსუდან
9 (RLIN) 10813
245 ## - ცნობა სათაურის შესახებ
Title ხორბლის ღეროს ჟანგას გენეტიკური და მოლეკულური პოლიმორფიზმი და დაავადებისადმი გამძლე გენოტიპების გამორჩევა /
Statement of responsibility, etc რუსუდან დუმბაძე; სამეცნ. ხელმძღვანელი ზოია სიხარულიძე;
264 ## - წარმოების, გამოცემის, დისტრიბუციის და სხვა ცნობები
გამოცემის, წარმოების, დისტრიბუციის... ადგილი ბათუმი,
გამოცემის, წარმოების, დისტრიბუციის... თარიღი 2017.
300 ## - ფიზიკური აღწერა
Extent 158 გვ.,
Other physical details 30 სმ.
653 ## - INDEX TERM--UNCONTROLLED
Uncontrolled term აგროეკოლოგია და სატყეო საქმე
653 ## - INDEX TERM--UNCONTROLLED
Uncontrolled term დისერტაცია
653 ## - INDEX TERM--UNCONTROLLED
Uncontrolled term ხორბლის ღეროს ჟანგას გენეტიკური და მოლეკულური პოლიმორფიზმი და დაავადებისადმი გამძლე გენოტიპების გამორჩევა
700 ## - ADDED ENTRY--PERSONAL NAME
Personal name სიხარულიძე, ზოია
Relator term მეცნ.ხელმძღვანელი
9 (RLIN) 10758
942 ## - ADDED ENTRY ELEMENTS (KOHA)
Koha item type წიგნი
Source of classification or shelving scheme
ეგზემპლარები
ჩამოწერის სტატუსი დაკარგული ეგზემპლარის სტატუსი კლასიფიკაციის წყარო ან თაროზე გაწყობის სქემა დაზიანების სტატუსი არ გაიცემა მუდმივი მდებარეობა (დაცვის ადგილი) ამჟამინდელი ადგილსამყოფელი თაროზე განთავსების ადგილი შეძენის თარიღი სრული შენახვის შიფრი შტრიხკოდი ბოლო ოპერაციის თარიღი ეგზემპლარის მიმდევრობითი ნომერი (კეტერი?) ფასის ძალაში შესვლის თარიღი ეგზემპლარის სახეობა საჯარო შენიშვნა
          ბათუმის შოთა რუსთაველის სახელმწიფო უნივერსიტეტის მთავარი ბიბლიოთეკა ბათუმის შოთა რუსთაველის სახელმწიფო უნივერსიტეტის მთავარი ბიბლიოთეკა წიგნსაცავი 2018-12-17 63 დ-90 280 დისერტ. 2018-12-17 280 2018-12-17 დისერტაცია